000 00735nam a22002057a 4500
003 0
005 20250830134333.0
008 250830b xxu||||| |||| 00| 0 eng d
020 _a978-1-032-80137-7
050 _aLB 2805
_b.C68 2025
100 _aCouture, J-C,
_eauthor.
245 _aEducation futures for school leadership :
_bevidence-informed strategies for managing change /
_cJ-C Couture and Stephen Murgatroyd.
260 _aNew York, NY :
_bRoutledge,
_c2025.
300 _axii, 201 pages :
_billustrations ;
_c23 cm.
504 _aIncludes bibliographical references and index.
650 _aSchool management and organization.
650 _aEducational leadership.
650 _aEducation
_xForecasting.
942 _2lcc
_cBK
999 _c367720
_d367720